Freedom of the press in india. (Record no. 174573)
[ view plain ]
| 000 -LEADER | |
|---|---|
| fixed length control field | 00355nam a2200133Ia 4500 |
| 008 - FIXED-LENGTH DATA ELEMENTS--GENERAL INFORMATION | |
| fixed length control field | 210423s1985 xx 000 0 und d |
| 041 ## - LANGUAGE CODE | |
| Language code of text/sound track or separate title | eng |
| 082 ## - DEWEY DECIMAL CLASSIFICATION NUMBER | |
| Classification number | 302.2 JOSF |
| 100 ## - MAIN ENTRY--PERSONAL NAME | |
| Personal name | JOSEPH (K G). |
| 245 ## - TITLE STATEMENT | |
| Title | Freedom of the press in india. |
| 260 ## - PUBLICATION, DISTRIBUTION, ETC. | |
| Place of publication, distribution, etc. | Mandya |
| Name of publisher, distributor, etc. | Sri Satguru Publications |
| Date of publication, distribution, etc. | 1985 |
| 300 ## - PHYSICAL DESCRIPTION | |
| Extent | v,26 |
| Other physical details | PB |
| 906 ## - LOCAL DATA ELEMENT F, LDF (RLIN) | |
| a | Freedom ; india. ; press |
| Withdrawn status | Lost status | Damaged status | Not for loan | Collection code | Home library | Current library | Date acquired | Total Checkouts | Full call number | Barcode | Date last seen | Price effective from | Koha item type |
|---|---|---|---|---|---|---|---|---|---|---|---|---|---|
| MSW | St Aloysius PG Library | St Aloysius PG Library | 08/24/2006 | 302.2 JOSF | PG021257 | 08/24/2022 | 04/26/2021 | Book |